000
00254nam a2200097Ia 4500
008
220204s9999 xx 000 0 und d
082
_a
91(100)
_b
WHE
245
0
_a
Where's where: A descriptive gazetteer
260
_a
London
_b
Eyre Methuen
_c
1974
942
_c
BK
999
_c
27982
_d
27982